Geometry Dash My Quiz - Statistics

General Stats
  • This quiz has been taken 10 times
  • The average score is 6 of 15
Answer Stats
Hint Answer % Correct
Who's Verified ORBIT by Mindcap? Zoink
100%
What's Update is Released inDecember 2013 1.4
67%
In which year have moreupdates been released? 2014
56%
The Program that Loads the Mods Geode
56%
Old Name of the Game Geometry Jump
56%
Biggest Legend of Geometry DashThat not with Us Michigun
56%
Level that not Added in 2.2 Explorers
44%
First Answer Reversed nugihciM
33%
The Easiest Extreme Demon Ever Red World
33%
1st Island in Geometry Dash World The Dashlands
33%
Another Version of 6th Question Red World Rebirth
22%
Hacker in 2.0 Anaban
11%
Level on Stream that Removedfrom Servers Prosto Lvl
11%
First Letter of Every Level SBPDBCJTCXCTECEHBTGDFD
11%
Lost Main Level Ultimate Destruction
11%
No matching quizzes found
Score Distribution
Percent of People with Each Score
Percentile by Number Answered
Your Score History
You have not taken this quiz